Normale Ansicht MARC-Ansicht ISBD

Über die Rolle des HFO. (Titelsatznr. 372255)

[ MARC ]
MARC-Details
000 -Satzkennung
Kontrollfeld mit fester Länge 00697nam a22001817a 4500
008 - Feld mit fester Länge zur physischen Beschreibung - Allgemeine Angaben
Kontrollfeld mit fester Länge 201222b ||||| |||| 00| 0 eng d
040 ## - Katalogisierungsquelle
Original-Katalogisierungsstelle DE-2950
Katalogisierungssprache ger
Übertragungsstelle DE-2950
Beschreibungsfestlegungen rda
041 ## - Sprachcode
Sprachcode des Textes/der Tonspur oder des separaten Titels ger
245 ## - Titel
Haupttitel Über die Rolle des HFO.
Titelzusatz Stadtgeschichte. Vortrag im IHP widmet sich dem Halbleiterwerk "im Sektoralen Innovationssystem der Halbleiter- und Mikroelektronik der DDR".
Verantwortlichkeitsangabe pm/mm.
264 ## - Veröffentlichungsangabe, Vertriebsangabe, Herstellungsangabe
Erscheinungs-, Vertriebs-, Herstellungsdatum 2023
653 ## - Lokales Schlagwort
Nicht-normierter Term Frankfurt (Oder)
653 ## - Lokales Schlagwort
Nicht-normierter Term Halbleiterwerk
773 ## - Übergeordnete Einheit
Titel Märkischer Markt
Ort, Verlag und Erscheinungsjahr Frankfurt (Oder): Märkisches Verlags- und Druckhaus GmbH & Co. KG
Verknüpfungsangaben 32. Jahrgang (2023) KW 9 vom 01.03.2023, S. 1
942 ## - Zusätzliche Felder (Koha)
Koha-Medientyp Aufsätze
Exemplare
Ausgeschieden Verloren Beschädigt Nicht entleihbar Permanenter Standort Aktueller Standort Aufstellungsort Eingabedatum Anzahl Ausleihen Signatur Letzte Aktivität Preis gültig von Medientyp
        Stadtarchiv Frankfurt (Oder) | Archivbibliothek Stadtarchiv Frankfurt (Oder) | Archivbibliothek Magazin 01/03/2023   Z3 01/03/2023 01/03/2023 Aufsätze